Love you like a Love Song - All Lyrics - Selena Gomez and the Scene - Statistics

General Stats
  • This quiz has been taken 570 times
  • The average score is 284 of 333
Answer Stats
Answer % Correct
I
100%
a
99%
A
99%
like
99%
Like
99%
So
99%
You
99%
you
99%
love
98%
baby
97%
song
97%
and
95%
And
95%
on
88%
to
88%
it
86%
by
85%
no
84%
No
84%
are
83%
beautiful
82%
been
82%
do
82%
Every
81%
every
81%
It's
79%
one
79%
my
78%
know
77%
want
77%
me
75%
repeat
72%
the
70%
done
69%
said
69%
your
69%
already
68%
now
68%
keep
67%
another
66%
guess
66%
right
66%
play
65%
what
63%
come
60%
dream
60%
sung
60%
that
60%
here's
59%
alive
58%
heart
57%
lyrical
57%
melody
54%
of
54%
incredible
53%
will
51%
life
50%
own
50%
record
50%
best
49%
compares
49%
thought's
49%
again
48%
alone
48%
Music
48%
stand
48%
goes
47%
I've
44%
miracle
44%
saved
44%
set
44%
that's
44%
hitting
43%
magical
43%
with
42%
'em
41%
free
40%
rescued
39%
am
36%
feels
36%
hypnotized
35%
symphony
35%
mind
34%
just
33%
boy
31%
destiny
31%
There's
29%
way
28%
through
27%
describe
26%
Constantly
21%
played
18%
centerfold
14%
No matching quizzes found
Score Distribution
Percent of People with Each Score
Percentile by Number Answered
Your Score History
You have not taken this quiz